Największe miasta leżące w zlewisku Morza Bałtyckiego - Statystyki

Ogólne statystyki
  • Ten quiz został rozwiązany 9 512 razy
  • Średni wynik to 16 z 20
Odpowiedzi na mapie
Odpowiedzi zakodowano w zielono-czerwonej skali na mapie do tego quizu, zgodnie z poniższymi procentami.
 
Statystyki odpowiedzi
Zaludnienie Państwo Miasto % Poprawnych
486 000 Polska Gdańsk
99%
1 860 300 Polska Warszawa
99%
800 700 Polska Kraków
97%
396 200 Polska Szczecin
96%
1 340 400 Finlandia Helsinki
95%
546 900 Polska Poznań
95%
672 900 Polska Wrocław
95%
1 345 600 Dania Kopenhaga
94%
663 000 Łotwa Ryga
94%
1 767 100 Szwecja Sztokholm
94%
670 600 Polska Łódź
93%
546 200 Litwa Wilno
93%
439 600 Estonia Tallin
90%
717 300 Ukraina Lwów
89%
5 600 900 Rosja Petersburg
89%
490 400 Rosja Królewiec
84%
358 700 Białoruś Grodno
48%
655 400 Szwecja Göteborg
45%
359 100 Białoruś Witebsk
23%
353 700 Finlandia Tampere
21%
Nie znaleziono quizów pasujących do podanych kryteriów
Rozkład punktacji
Procent ludzi z każdym wynikiem
Percentyl według liczby udzielonych odpowiedzi
Twoja historia wyników
Nie rozwiązałeś tego quizu